| 000 | 00604nam a22001937a 4500 | ||
|---|---|---|---|
| 999 |
_c62217 _d62217 |
||
| 005 | 20240802151449.0 | ||
| 008 | 240802s2002 en ||||| |||| 00| 0 eng d | ||
| 020 | _a8176630969 X | ||
| 041 | _aeng | ||
| 080 | _a577 L-50 | ||
| 100 |
_aLehninger, Albert L. _923058 |
||
| 245 |
_a Biochemistry : _b the Molecular Basis of Cell Structure and Function / _cAlbert L. Lehninger |
||
| 250 | _asecond edition | ||
| 264 |
_a Ludhiana : _bKalyani Publishers, _c2002. |
||
| 300 |
_axxiii, 1104 pages:. _b27 cm. |
||
| 653 | _a Biochemistry | ||
| 653 | _aბიოქიმია | ||
| 942 |
_2udc _cᲬᲘᲒᲜᲘ |
||